| 000 | 00989nam0a22002651 4500 | ||
|---|---|---|---|
| 001 | rc\2953534 | ||
| 005 | 20250529234543.0 | ||
| 035 | _a(NLR Aleph) 007100886 | ||
| 090 |
_a6669532 _c6669532 |
||
| 100 | _a20110831d1937 |||y0rusy50 ca | ||
| 101 | 0 | _arus | |
| 102 | _aRU | ||
| 105 | _aa z ||||| | ||
| 200 | 1 | _aКсерофильная растительность скелетных гор Армении | |
| 210 |
_a[Ереван] _cБ. и. _d[1937] |
||
| 215 |
_aС. 61-130 _cил. |
||
| 300 | _aВ кн.: Труды Армян. филиала Акад. Наук СССР. Биологическая серия. Вып. 2. Ереван, 1937, с. 61-130, с ил. | ||
| 320 | _aБиблиогр.: с. 125-128 | ||
| 700 | 1 |
_4070 _7ca _8rus _aТахтаджян _bА. Л. _f1910-2009 _gАрмен Леонович _92642811 _3RU\NLR\AUTH\770273215 |
|
| 801 | 0 |
_aRU _bNLR _gpsbo |
|
| 801 | 1 |
_aRU _bELAR _2rusmarc |
|
| 852 |
_aNLR _j37-17/457(2) |
||
| 942 | _cBOOK | ||
| 980 | _aNB | ||